| 000 | 01194cam a2200253 a 4500 | ||
|---|---|---|---|
| 001 | 000036922 | ||
| 005 | 20240705073647.0 | ||
| 008 | 870925m1997 pr a s011 0 spa d | ||
| 020 | _a0847736830 | ||
| 040 |
_aDO-SdBNP _bspa _cBNPHU |
||
| 100 | 1 |
_aHostos, Eugenio María de, _d1839-1903 _91352 |
|
| 240 | 1 | 0 | _aObras completas |
| 245 | 1 | 3 |
_aLa tela de araña / _cEugenio María de Hostos ; transcripción, revisión y anotaciones por Vivian Quiles-Calderín, con la colaboración de Julio César López y Ernesto Álvarez ; prólogo por Ernesto Álvarez. |
| 260 |
_aRío Piedras : _bInstituto de Estudios Hostosianos : _bInstituto de Cultura Puertorriqueña : _bUniversidad de Puerto Rico, _c1997. |
||
| 300 |
_a285 p. : _bil. ; _c24 cm. |
||
| 490 | 0 |
_aObras completas (edición crítica) ; vol. 1. Literatura ; _vt. 4 |
|
| 504 | _aIncluye bibliografías e índices. | ||
| 600 | 1 | 4 |
_aHOSTOS, EUGENIO MARÍA DE, _b1865-1878 _xCOLECCIONES DE ESCRITOS _963316 |
| 650 | 2 | 4 |
_aNovela puertorriqueña _91185 |
| 650 | 2 | 4 |
_aLiteratura puertorriqueña _9250 |
| 700 | 1 |
_aQuiles Calderín, Vivian, _eed. _99027 |
|
| 700 | 1 |
_aLópez, Julio César, _ecolab. _99028 |
|
| 700 | 1 |
_aÁlvarez, Ernesto, _epról. _963322 |
|
| 999 |
_c36412 _d36412 |
||